¿Qué es la educación inicial? (Record no. 79587)

MARC details
000 -CABECERA
campo de control de longitud fija 00548nam a2200205 a 4500
005 - FECHA Y HORA DE LA ÚLTIMA TRANSACCIÓN
campo de control 20210219153537.0
008 - ELEMENTOS DE LONGITUD FIJA--INFORMACIÓN GENERAL
campo de control de longitud fija 991125n 000 0 u
035 ## - NÚMERO DE CONTROL DEL SISTEMA
Número de control de sistema UPN01000105652
222 ## - TÍTULO CLAVE
Título clave COMUNICACION EDUCATIVA SEP
245 ## - MENCIÓN DE TÍTULO
Título ¿Qué es la educación inicial?
300 ## - DESCRIPCIÓN FÍSICA
Extensión 5
362 ## - FECHAS DE PUBLICACIÓN Y/O DESIGNACIÓN SECUENCIAL
Fecha de publicación y/o designación secuencial 1983 Año 1, no. <1=01> may.
653 0# - TERMINO DE INDIZACION - NO CONTROLADO
Término no controlado EDUCACION INFANTIL
653 0# - TERMINO DE INDIZACION - NO CONTROLADO
Término no controlado EDUCACION PREESCOLAR
653 0# - TERMINO DE INDIZACION - NO CONTROLADO
Término no controlado LEXICO
653 0# - TERMINO DE INDIZACION - NO CONTROLADO
Término no controlado POLITICA EDUCATIVA
653 0# - TERMINO DE INDIZACION - NO CONTROLADO
Término no controlado SISTEMA EDUCATIVO NACIONAL
904 ## - ELEMENTOS DE DATOS D LOCAL, LDD (RLIN)
a AC
b 043463
905 ## - TIPO DE MATERIAL
Tipo de material Articulo

No items available.